000 00279nam a2200109Ia 4500
008 190216s9999||||xx |||||||||||||| ||und||
100 _aJithendranath Samyal
245 0 _aHindi-Amar Sahith Sardar Bagath Singh
260 _bKranthikanth Prakashan
650 _aHindi
942 _cBK
999 _c15285
_d15285